[Event "WSB Masters GM"]
[Site "Wroclaw POL"]
[Date "2010.12.30"]
[Round "6"]
[White "Piorun,K"]
[Black "Wieczorek,O"]
[Result "1/2-1/2"]
[WhiteElo "2513"]
[BlackElo "2330"]

1.c4 e5 2.g3 Nf6 3.Bg2 c6 4.Nf3 e4 5.Nd4 d5 6.cxd5 Qxd5 7.Nc2 Qh5 8.Nc3 Bh3
9.Bxh3 Qxh3 10.d3 Nbd7 11.Bg5 h6 12.Bxf6 Nxf6 13.dxe4 Bc5 14.Qd3 Rd8 15.Qf3 Ng4
16.e3 Ne5 17.Qf5 Qxf5 18.exf5 Nd3+ 19.Ke2 Nxf2 20.Kxf2 Rd2+ 21.Kf3 Rxc2 22.Rac1 Rxc1
23.Rxc1 Ke7 24.Ne4 Bb6 25.g4 Rd8 26.Ke2 f6 27.Rc3 Rd5 28.Rd3 Re5 29.Nd2 Bc7
30.h3 Rc5 31.Rb3 b6 32.Kd1 Be5 33.Nf3 Kd6 34.Kd2 Rd5+ 35.Ke2 Rc5 36.Kd2 Rd5+
37.Ke2 Rc5  1/2-1/2

[Event "XXI Cracow Open"]
[Site "Cracow POL"]
[Date "2011.01.02"]
[Round "6.16"]
[White "Soffer,R"]
[Black "Wandzik,W"]
[Result "1/2-1/2"]
[WhiteElo "2486"]
[BlackElo "2241"]

1.c4 e5 2.g3 Nf6 3.Bg2 d5 4.cxd5 Nxd5 5.Nc3 Nb6 6.Nf3 Nc6 7.O-O Be7 8.a3 O-O
9.b4 Re8 10.d3 Bf8 11.Bb2 a5 12.b5 Nd4 13.e3 Nxf3+ 14.Bxf3 Rb8 15.Qc2 Be6
16.Rfd1 Qc8 17.Na4 Bd6 18.Rac1 Qd7 19.Nxb6 cxb6 20.Qa4 Rbd8 21.Rd2 Bb8 22.d4 Bg4
23.Bxg4 Qxg4 24.Qd1 Qd7 25.e4 Qxb5 26.a4 Qb4 27.Bc3 Qe7 28.d5 Bd6 29.Qb3 Bc5
30.Rdc2 Ra8 31.Kg2 Rec8 32.Bd2 Rc7 33.Be3 Rac8 34.Qb5 Kf8 35.Bxc5 Rxc5 36.Rxc5 bxc5
37.Qxa5 c4 38.Rc3 g6 39.Qb6 Kg7 40.h4 h5 41.Qb5 Rc5 42.Qb6 Rc8 43.Qb5 Rc5
44.Qb4 Qc7 45.Kf1 f5 46.f3 Qc8 47.Qb6 fxe4 48.fxe4 Rc7 49.Kg2 Rf7 50.Qe3 Qg4
51.Rxc4 Qd1 52.Rc1 Qxa4 53.Re1 Qc4 54.Qe2 Qd4 55.Rd1 Rf2+ 56.Qxf2 Qxd1 57.Qb2 Kg8
58.Kf2 Qd3 59.Qe2 Qd4+ 60.Kf3 b6 61.Qc2 Kh7 62.Ke2 b5 63.Qd3 Qb2+ 64.Kf3 b4
65.d6 Qa3 66.Ke2 Qa2+ 67.Ke3 Qa7+ 68.Kd2 Qa2+ 69.Ke3 Qa7+ 70.Ke2 Qa2+ 71.Qd2 b3
72.d7 b2 73.d8=Q b1=Q 74.Qe7+ Kg8 75.Qe8+ Kh7 76.Qd7+ Kh8 77.Qc8+ Kh7 78.Qc7+ Kg8
79.Qd8+ Kh7 80.Qe7+ Kg8 81.Qe8+ Kh7 82.Qe7+  1/2-1/2

[Event "23rd Staufer-Open"]
[Site "Leinzell GER"]
[Date "2011.01.02"]
[Round "2"]
[White "Baeuml,U"]
[Black "Dirr,U"]
[Result "1-0"]
[WhiteElo "2061"]
[BlackElo "2250"]

1.c4 e5 2.g3 Nf6 3.Bg2 Nc6 4.d3 Bc5 5.Nc3 O-O 6.e3 Re8 7.Nge2 Bf8 8.O-O Ne7
9.Nd5 Ng6 10.Nec3 Nxd5 11.Nxd5 c6 12.Nc3 d6 13.b4 Ne7 14.b5 Qa5 15.Bd2 Qc7
16.Qa4 Bf5 17.e4 Bd7 18.Qb3 Qc8 19.a4 Bh3 20.a5 Rb8 21.Be3 Bxg2 22.Kxg2 c5
23.Qd1 f5 24.f4 fxe4 25.dxe4 Qe6 26.Qd3 exf4 27.Bxf4 Ng6 28.Rae1 Rbd8 29.Nd5 Rd7
30.b6 axb6 31.axb6 Ra8 32.Re2 Qg4 33.h3 Ra3 34.Nf6+  1-0

[Event "1st HDBank Cup"]
[Site "Ho Chi Minh City VIE"]
[Date "2011.01.05"]
[Round "4.14"]
[White "Vo Thanh Ninh"]
[Black "Salvador,R"]
[Result "0-1"]
[WhiteElo "2335"]
[BlackElo "2533"]

1.c4 e5 2.g3 Nf6 3.Bg2 d5 4.cxd5 Nxd5 5.Nf3 Nc6 6.O-O Be7 7.d4 e4 8.Ne5 Bf5
9.Nxc6 bxc6 10.Qa4 O-O 11.Nc3 Nxc3 12.bxc3 Qd5 13.Bf4 Bd6 14.Be3 Bd7 15.c4 Qe6
16.c5 Be7 17.Rab1 g5 18.Rb7 Rac8 19.Qb3 Qg6 20.Rxa7 Be6 21.Qc2 f5 22.f4 g4
23.Bf2 h5 24.e3 h4 25.Rb1 hxg3 26.Bxg3 Bf6 27.Bf1 Qf7 28.Rbb7 Kg7 29.a4 Rh8
30.a5 Bh4 31.a6 Bxg3 32.hxg3 Rh7 33.Qb2 Bd5 34.Rb8 Qh5 35.Bg2 Qh2+ 36.Kf2 Rh3
37.Rxc8 Qxg3+ 38.Kg1 Qh2+ 39.Kf1 Bc4+ 40.Ke1 Qg1+ 41.Kd2 Qxe3+ 42.Kc2 Qe2+
43.Kc1 Qe1+ 44.Kc2 Qf2+ 45.Kc1 Qg1+  0-1

[Event "118th ch-NZL 2011"]
[Site "Auckland NZL"]
[Date "2011.01.06"]
[Round "5.6"]
[White "Dive,RJ"]
[Black "Gao,H"]
[Result "1/2-1/2"]
[WhiteElo "2375"]
[BlackElo "1859"]

1.c4 e5 2.g3 g6 3.Bg2 Bg7 4.Nc3 Nc6 5.Rb1 d6 6.b4 f5 7.b5 Nd4 8.e3 Ne6 9.Nge2 Nf6
10.d4 exd4 11.exd4 O-O 12.O-O Nh5 13.f4 Nf6 14.Qd3 Re8 15.Bd2 Qd7 16.Rbd1 a6
17.a4 axb5 18.axb5 Ra3 19.Ra1 Rxa1 20.Rxa1 c6 21.Ra3 Nd8 22.Ra8 cxb5 23.cxb5 d5
24.Na4 Qe6 25.Bf3 b6 26.Qc2 Bb7 27.Ra7 Qd6 28.Qa2 Ne4 29.Be1 Re7 30.Nb2 Ne6
31.Qa4 Qb8 32.Kg2 Rc7 33.Bf2 Bf8 34.Nd3 Rc4 35.Qa2 Qc8 36.Ne5 Rb4 37.Nc6 Rxb5
38.Ne5 Bd6 39.Qa4 Rb2 40.Qd7 Qxd7 41.Nxd7 Nd8 42.g4 Nxf2 43.Kxf2 Kf7 44.gxf5 gxf5
45.Ne5+ Ke6 46.Ke3 Rb3+ 47.Nd3 Ra3 48.Rxa3 Bxa3 49.Nc3 Bc6 50.Ne5 Bc1+ 51.Kd3 Bb7
52.Ne2 Ba6+ 53.Kc2 Be3 54.Nc3 Bb7 55.Ne2 Nc6 56.Kd3 Bf2 57.Nxc6 Bxc6 58.Nc3 Bb7
59.Na4 Ba6+ 60.Kc3 Be1+ 61.Kc2 Ba5 62.Bh5 Bb5 63.Nc3 Bc4 64.Be8 Bb4 65.Na4 b5
66.Nb6 Bd6 67.Bd7+ Kf6 68.Bc6 Bxf4 69.h3 Kg5 70.Nxc4 dxc4 71.Bxb5 Kh4 72.Bd7 Be3
73.Bxf5 Bxd4 74.Bxh7  1/2-1/2

[Event "23rd Staufer-Open"]
[Site "Leinzell GER"]
[Date "2011.01.06"]
[Round "9"]
[White "Reschke,T"]
[Black "Samak,A"]
[Result "1-0"]
[WhiteElo "2189"]
[BlackElo "2101"]

1.c4 e5 2.g3 Nc6 3.Bg2 d6 4.Nc3 Be6 5.d3 Qd7 6.e4 Nd4 7.h3 Ne7 8.b4 c6 9.Nge2 g6
10.Nxd4 exd4 11.Ne2 d5 12.exd5 cxd5 13.c5 Qb5 14.Rb1 Bf5 15.Nf4 Bh6 16.a4 Qd7
17.Ne2 Bxc1 18.Rxc1 Nc6 19.Qd2 Ne5 20.Nf4 Qxa4 21.O-O f6 22.Rfe1 Kf7 23.Nxd5 Bxh3
24.Rxe5 Rae8 25.Rxe8  1-0

[Event "1st HDBank Cup"]
[Site "Ho Chi Minh City VIE"]
[Date "2011.01.08"]
[Round "8.18"]
[White "Vo Thanh Ninh"]
[Black "Goh Weiming"]
[Result "1/2-1/2"]
[WhiteElo "2335"]
[BlackElo "2404"]

1.c4 e5 2.g3 c6 3.d4 e4 4.Nc3 d5 5.cxd5 cxd5 6.Qb3 Nc6 7.Qxd5 Qxd5 8.Nxd5 Nxd4
9.Kd1 Ne6 10.Bh3 Bd6 11.f3 exf3 12.Nxf3 Ne7 13.Nc3 O-O 14.Bg2 Bd7 15.Be3 f5
16.Ng5 f4 17.Nxe6 Bxe6 18.gxf4 Bxf4 19.Bxf4 Rxf4 20.Ke1 Rb4 21.Rb1 Bf5 22.e4 Bg6
23.Rf1 Rd8 24.Rf2 Nc6 25.Rd1 Re8 26.h3 Ne5 27.Rd6 Rc4 28.Bf1 Rc7 29.Bb5 Rec8
30.Rd4 h6 31.Ba4 Kh7 32.Bb3 a6 33.a3 Rxc3 34.bxc3 Rxc3 35.Bd1 Rxa3 36.Rf8 Rxh3
37.Kf2 Nd3+ 38.Kf1 Nc5 39.Bg4 Rh4 40.e5 h5 41.Rdd8 Bd3+ 42.Be2 Bxe2+ 43.Kxe2 Re4+
44.Kf3 Rxe5 45.Kf4 Re1 46.Rh8+ Kg6 47.Rd5 Ne6+ 48.Kg3 Rg1+ 49.Kh2 Rg5 50.Rd6 Re5
51.Rb8 Kf5 52.Rxb7 a5 53.Rf7+ Kg6 54.Ra7 Kf6 55.Rda6 g5 56.Rxa5 Re2+ 57.Kg3 Re4
58.Ra4 Re3+ 59.Kf2 Re5 60.Kf1 Nf4 61.R7a5 Nd5 62.Kg1 Kf5 63.Rd4 Nf4 64.Rxe5+ Kxe5
65.Ra4 Kf5 66.Kh2 h4 67.Ra5+ Kg4 68.Ra3 Ng6 69.Ra4+ Kf3 70.Ra3+ Kg4 71.Ra4+ Nf4
72.Ra3 Kf5 73.Ra5+ Kf6 74.Ra6+ Kf5 75.Ra5+ Kg6 76.Ra6+ Kh5 77.Ra5  1/2-1/2

[Event "10th Praha Open A"]
[Site "Prague CZE"]
[Date "2011.01.08"]
[Round "2"]
[White "Steiner,B"]
[Black "Michalczak,T"]
[Result "0-1"]
[WhiteElo "2239"]
[BlackElo "2370"]

1.c4 e5 2.g3 Nc6 3.Bg2 f5 4.d3 Nf6 5.Nc3 Bb4 6.Bd2 O-O 7.a3 Bxc3 8.Bxc3 d6
9.b4 Qe8 10.e3 Be6 11.b5 Nd8 12.Nf3 a6 13.a4 Qh5 14.O-O axb5 15.axb5 Rxa1
16.Bxa1 f4 17.exf4 Bg4 18.fxe5 Nd7 19.exd6 cxd6 20.Qe2 Bxf3 21.Bxf3 Qxf3
22.Qe7 Ne5 23.Bxe5 dxe5 24.c5 Qxd3 25.c6 bxc6 26.bxc6 Qc4 27.c7 Ne6 28.Rd1 Nxc7
29.Rd8 Qc1+ 30.Kg2 Qc6+ 31.Kg1 Rxd8 32.Qxd8+ Kf7 33.Qg5 Qf6 34.Qh5+ Kg8 35.Qe2 Ne6
36.h4 h6 37.Qe4 Nd4 38.Qd5+ Kh7 39.Qe4+ Qf5 40.Qd5 Qd3 41.Kg2 e4 42.h5 Qf3+
43.Kh3 Qxf2 44.Qxe4+ Qf5+  0-1

[Event "9th Parsvnath Open"]
[Site "New Delhi IND"]
[Date "2011.01.10"]
[Round "4"]
[White "Aravind,S2"]
[Black "Sangma,R"]
[Result "0-1"]
[WhiteElo "2099"]
[BlackElo "2386"]

1.c4 e5 2.g3 Nf6 3.Bg2 Nc6 4.Nc3 Bb4 5.e3 O-O 6.Nge2 d6 7.O-O Ne7 8.d4 c6
9.a3 Bxc3 10.Nxc3 Bg4 11.Qb3 Qd7 12.d5 Bh3 13.e4 Bxg2 14.Kxg2 Ne8 15.Be3 c5
16.f4 exf4 17.gxf4 Nf6 18.e5 Qg4+ 19.Kh1 Nf5 20.Bg1 Qh3 21.Bf2 Ng4  0-1

[Event "9th Parsvnath Open"]
[Site "New Delhi IND"]
[Date "2011.01.10"]
[Round "5.31"]
[White "Aravind,S2"]
[Black "Navin,K"]
[Result "0-1"]
[WhiteElo "2099"]
[BlackElo "2383"]

1.c4 e5 2.g3 Nf6 3.Bg2 d5 4.cxd5 Nxd5 5.Nf3 Nc6 6.d3 Be7 7.O-O O-O 8.Nbd2 Be6
9.a3 a5 10.Nc4 Bf6 11.Rb1 a4 12.Bd2 Nde7 13.Ng5 Bxg5 14.Bxg5 f6 15.Be3 Bd5
16.b3 Bxg2 17.Kxg2 Qd5+ 18.Kg1 axb3 19.Qxb3 b6 20.Rfc1 Rfd8 21.Nd2 Qxb3 22.Rxb3 Na5
23.Rbb1 Nd5 24.Ne4 c5 25.Nc3 Ra6 26.Nxd5 Rxd5 27.Rb2 Rd6 28.Rcb1 Nb7 29.a4 Kf7
30.Bd2 Ke6 31.a5 Nxa5 32.Ra2 e4 33.dxe4 Ra7 34.Bxa5 Rxa5 35.Rxa5 bxa5 36.Rb5 Ra6
37.Rxc5 a4 38.f4 a3 39.Rc1 a2 40.Ra1 Kd6 41.Kf2 Kc5 42.e5 fxe5 43.fxe5 Kd5
44.e6 Kxe6 45.Kf3  0-1

[Event "10th Praha Open A"]
[Site "Prague CZE"]
[Date "2011.01.10"]
[Round "4"]
[White "Doros,R"]
[Black "Gavrilov,Al1"]
[Result "0-1"]
[WhiteElo "2348"]
[BlackElo "2484"]

1.c4 e5 2.g3 Nf6 3.Bg2 c6 4.d4 Bb4+ 5.Bd2 Bxd2+ 6.Qxd2 d6 7.Nc3 O-O 8.e3 Be6
9.b3 exd4 10.Qxd4 d5 11.cxd5 Nxd5 12.Nge2 Nxc3 13.Qxc3 Qe7 14.O-O Na6 15.Nd4 Rad8
16.Rfd1 Bg4 17.Rd2 c5 18.Nb5 b6 19.h3 Rxd2 20.Qxd2 Rd8 21.Qc2 Nb4 22.Qe4 Qf6
23.Rf1 Be2 24.Nxa7 Bxf1 25.Bxf1 Nxa2 26.Nc6 Nc3  0-1

[Event "9th Parsvnath Open"]
[Site "New Delhi IND"]
[Date "2011.01.12"]
[Round "7"]
[White "Danielsen,Hen"]
[Black "Ghosh,D"]
[Result "1-0"]
[WhiteElo "2519"]
[BlackElo "2180"]

1.c4 e5 2.g3 Nf6 3.Bg2 d5 4.cxd5 Nxd5 5.Nf3 Nc6 6.O-O g6 7.d4 e4 8.Ne5 f5
9.Nxc6 bxc6 10.Qa4 Bd7 11.Nc3 Bd6 12.f3 exf3 13.Bxf3 O-O 14.Qc4 Kg7 15.Nxd5 cxd5
16.Qxd5 Qf6 17.Bf4 Rab8 18.Rf2 Be6 19.Bxd6 Bxd5 20.Be5 Qxe5 21.dxe5 Be6 22.b3 Rb5
23.Rc1 Rf7 24.Rc2 Rxe5 25.Rf1 Ra5 26.Rd1 Kf6 27.e4 fxe4 28.Bxe4 Re7 29.Bd3 Bg4
30.Rf1+ Kg7 31.Rf4 Bh3 32.Rfc4 Kf8 33.Rf4+ Kg7 34.Rfc4 Kf8 35.Rxc7 Rxa2 36.Rxe7 Ra1+
37.Kf2 Kxe7 38.Rc7+ Kf6 39.Rxh7 Be6 40.b4 Ra3 41.Ke2 Bf7 42.b5 Rc3 43.Rh4 Rc7
44.Ra4 Ke5 45.h4 Kf6 46.Ra6+ Kg7 47.Ke3 Rd7 48.Be4 Re7 49.Kf4 Be8 50.Bc6 Bf7
51.g4 Be6 52.Be4 Bf7 53.g5 Be8 54.Bc6 Bf7 55.Ra3 Bc4 56.Ra4 Bd3 57.Rd4 Rf7+
58.Ke3 Bf5 59.Rd8 Bb1 60.Kd4 Rf4+ 61.Ke5 Rxh4 62.Rd7+ Kf8 63.Rxa7 Rb4 64.Rb7 Bd3
65.b6 Rg4 66.Rb8+ Ke7 67.Re8+ Kf7 68.b7 Rxg5+ 69.Kd4  1-0

[Event "Australian Open"]
[Site "Cammeray AUS"]
[Date "2011.01.13"]
[Round "11.35"]
[White "Neudel,B"]
[Black "Reynolds,Paul J"]
[Result "1-0"]
[WhiteElo "1967"]
[BlackElo "1784"]

1.c4 e5 2.g3 f5 3.Bg2 Nf6 4.Nc3 c6 5.d4 e4 6.e3 d5 7.cxd5 cxd5 8.Nge2 Nc6
9.Qb3 Na5 10.Qd1 Bd7 11.Nf4 Bc6 12.Ne6 Qd6 13.Nxf8 Qxf8 14.b3 b5 15.Bd2 b4
16.Ne2 Nb7 17.Rc1 Rc8 18.Bf1 Qe7 19.Nf4 O-O 20.Ba6 Rfd8 21.O-O Be8 22.Rxc8 Rxc8
23.Qe1 g5 24.Ng2 Rc7 25.Bxb4 Qe6 26.Be2 g4 27.Qd2 Qb6 28.Ba3 h5 29.Rc1 Nh7
30.Rxc7 Qxc7 31.Nh4 Qd7 32.Qb4 a5 33.Qe7 Qxe7 34.Bxe7 Kf7 35.Ba3 Ke6 36.Ng2 Nf6
37.Nf4+ Kf7 38.Kf1 Nd8 39.h4 Ne6 40.Ng2 Bc6 41.Ke1 Nd7 42.Kd2 Nb6 43.Kc3 Ke8
44.Bc5 Nd7 45.a3 Kd8 46.b4 axb4+ 47.axb4 Kc7 48.b5 Bb7 49.Kb4 Ba8 50.Bd1 Bb7
51.Ne1 Ba8 52.Nc2 Bb7 53.Na1 Ba8 54.Nb3 Bb7 55.Be2 Bc8 56.Be7 Nb6 57.Bc5 Nd7
58.Ka5 Bb7 59.Be7 Nb6 60.Nc5 Nxc5 61.dxc5 Nc8 62.Bf6 Ba8 63.Bd4 Ne7 64.Bd1 Bb7
65.Be5+ Kc8 66.Kb6 Ba8 67.c6 Kd8 68.Bf6  1-0

[Event "TCh-SVK Extraliga 2010-11"]
[Site "Dunajska Streda CZE"]
[Date "2011.01.15"]
[Round "3.6"]
[White "Kleman,M"]
[Black "Csonka,A1"]
[Result "1/2-1/2"]
[WhiteElo "2266"]
[BlackElo "2378"]

1.c4 e5 2.g3 Nf6 3.Bg2 d5 4.cxd5 Nxd5 5.Nc3 Nb6 6.Nf3 Nc6 7.O-O Be7 8.a3 O-O
9.b4 Re8 10.d3 Bf8 11.Bb2 a5 12.b5 Nd4 13.Nd2 f6 14.e3 Nf5 15.Qc2 Nd6 16.a4 Bf5
17.Rfd1 Bg4 18.Rdc1 Be6 19.Nde4 Rb8 20.Nc5 Bf7 21.Ba3 f5 22.Ne2 Nd5 23.Nc3 Nf6
24.Ne2 g6 25.Nb3 b6 26.Nd2 Rc8 27.Bc6 Re7 28.Nc4 Bg7 29.Bg2 Rb8 30.Nxd6 cxd6
31.Qc6 Rd7 32.Qc2 d5 33.d4 e4 34.Qa2 g5 35.Rc6 Rc8 36.Rac1 Rdc7 37.Rxc7 Rxc7
38.Qb2 Rc4 39.Rxc4 dxc4 40.Nc3 Nd5 41.Nxd5 Qxd5 42.Bf1 Qd8 43.Qc3 Qd5 44.Bg2 Be6
45.Qc2 Bf8 46.Bxf8 Kxf8 47.g4 h5 48.gxf5 Bxf5 49.Bf1 Be6 50.Bg2 Bf5 51.Bf1  1/2-1/2

[Event "GMA"]
[Site "Marianske Lazne CZE"]
[Date "2011.01.18"]
[Round "4"]
[White "Carlstedt,J"]
[Black "Smith,Bry"]
[Result "1-0"]
[WhiteElo "2409"]
[BlackElo "2458"]

1.c4 e5 2.g3 Nc6 3.Bg2 Bc5 4.Nc3 a6 5.e3 d6 6.Nge2 Nge7 7.b3 Ba7 8.d4 exd4
9.Nxd4 Nxd4 10.exd4 Nf5 11.Ne2 O-O 12.O-O c6 13.d5 Bd7 14.Qd2 c5 15.Bb2 b5
16.Rac1 Re8 17.Rfe1 Bb6 18.a3 bxc4 19.Rxc4 Ba5 20.b4 Bb6 21.Re4 Qc7 22.Nf4 cxb4
23.axb4 Rxe4 24.Bxe4 Qa7 25.Nh5 Re8 26.Bc3 f6 27.Bxf5 Bxf2+ 28.Qxf2  1-0

[Event "3rd Chennai Open"]
[Site "Chennai IND"]
[Date "2011.01.20"]
[Round "4"]
[White "Danielsen,Hen"]
[Black "Senthil Kumaran,R"]
[Result "1-0"]
[WhiteElo "2519"]
[BlackElo "2114"]

1.g3 e5 2.c4 d6 3.Bg2 f5 4.Nc3 Nf6 5.d3 c6 6.e4 Be7 7.Nge2 O-O 8.O-O a5 9.h3 Na6
10.exf5 Bxf5 11.g4 Be6 12.f4 exf4 13.Nxf4 Bf7 14.g5 Nd7 15.h4 Ne5 16.b3 Nc7
17.d4 Ng6 18.Nxg6 Bxg6 19.d5 c5 20.Bh3 Rxf1+ 21.Qxf1 h6 22.Qg2 hxg5 23.hxg5 Qe8
24.Bd2 Bd3 25.Re1 Qf7 26.Nb5  1-0

[Event "3rd Chennai Open"]
[Site "Chennai IND"]
[Date "2011.01.23"]
[Round "8"]
[White "Danielsen,Hen"]
[Black "Girinath,P"]
[Result "1-0"]
[WhiteElo "2519"]
[BlackElo "2362"]

1.g3 e5 2.c4 Nf6 3.Bg2 d5 4.cxd5 Nxd5 5.Nf3 Nc6 6.O-O Nb6 7.b3 Bd6 8.d3 O-O
9.Nbd2 Bg4 10.Bb2 Qd7 11.Rc1 Rae8 12.a3 f5 13.Nc4 a5 14.Qc2 Kh8 15.Nxb6 cxb6
16.Qc4 Qe7 17.a4 Bc5 18.e3 f4 19.exf4 Bxf3 20.Bxf3 Nd4 21.Bxd4 Bxd4 22.Be4 Bc5
23.f5 Rf6 24.Kg2 g6 25.fxg6 hxg6 26.Rc2 Kg7 27.h4 Rd6 28.Re2 Rf8 29.Qc1 Rh8
30.f4 exf4 31.Rxf4 Rf8 32.Bf3 Qd8 33.Qc3+ Kh6 34.Rxf8 Qxf8 35.Be4  1-0

[Event "3rd Chennai Open"]
[Site "Chennai IND"]
[Date "2011.01.24"]
[Round "9"]
[White "Hemant,S2"]
[Black "Suvrajit,S"]
[Result "0-1"]
[WhiteElo "2231"]
[BlackElo "2378"]

1.c4 e5 2.g3 Nf6 3.Bg2 d5 4.cxd5 Nxd5 5.Nf3 Nc6 6.O-O Be7 7.b3 e4 8.Ne1 Bf6
9.Nc2 Bxa1 10.Nxa1 Bf5 11.Bb2 O-O 12.Nc2 Qd7 13.Nc3 Nxc3 14.Bxc3 Bh3 15.Bxe4 Bxf1
16.Qxf1 Rfe8 17.Bf3 Rab8 18.Qa1 f6 19.d4 Nd8 20.e4 Nf7 21.h4 Nd6 22.e5 fxe5
23.dxe5 Nf5 24.Bg4 Qf7 25.Be2 b5 26.Ne1 c5 27.Nf3 h6 28.Kf1 Qd5 29.Qb1 Nd4
30.Bxd4 cxd4 31.Qf5 Rf8 32.Qd3 Rxf3 33.Qxf3 Qxe5 34.Bd3 Rd8 35.Kg2 a6 36.Qg4 Qd5+
37.Be4 Qd7 38.Bf5 Qc6+ 39.Be4 Qf6 40.Bd3 Rf8 41.Qe2 Qc6+ 42.f3 Re8 43.Be4 Kf8
44.Qd2 Qd6 45.a4 bxa4 46.bxa4 Rc8 47.Qa5 Rc5 48.Qd2 d3 49.Kh3 a5 50.Bh7 Qd7+
51.g4 Qd6 52.f4 Qd5 53.Bxd3 Qf3+ 54.Kh2 Rd5  0-1

[Event "Oceania Zonal"]
[Site "Rotorua NZL"]
[Date "2011.01.25"]
[Round "1.7"]
[White "Illingworth,M"]
[Black "Ansell,A"]
[Result "1-0"]
[WhiteElo "2311"]
[BlackElo "2001"]

1.c4 e5 2.g3 c6 3.d4 Bb4+ 4.Bd2 Bxd2+ 5.Qxd2 d6 6.Bg2 Nf6 7.Nc3 Nbd7 8.e3 O-O
9.Nge2 Re8 10.O-O Nf8 11.b4 Bf5 12.e4 Bg4 13.d5 cxd5 14.cxd5 Rc8 15.Qe3 Bxe2
16.Nxe2 a6 17.Rfc1 Qd7 18.f3 Ng6 19.Bf1 Ne7 20.Qb6 Rxc1 21.Nxc1 Rc8 22.Nb3 Rc7
23.Na5 Nc8 24.Qe3 h6 25.Nc4 Kh7 26.a3 Qe7 27.Rc1 b5 28.Na5 Rxc1 29.Qxc1 Qd7
30.Qc6 Qa7+ 31.Kg2 Qe3 32.Qxc8 Qd2+ 33.Kh3 Qf2 34.Bg2 g6 35.Qf8  1-0

[Event "16th HIT Open"]
[Site "Nova Gorica SLO"]
[Date "2011.01.29"]
[Round "2"]
[White "Dvirnyy,D"]
[Black "Pirs,M2"]
[Result "1-0"]
[WhiteElo "2480"]
[BlackElo "2090"]

1.c4 e5 2.g3 Nc6 3.Bg2 Nf6 4.Nc3 d6 5.Nf3 Be7 6.O-O O-O 7.d3 h6 8.a3 a5 9.h3 Be6
10.e4 Qc8 11.Kh2 Nh7 12.Nd5 Bd8 13.Be3 f5 14.Qd2 a4 15.Ng1 Nd4 16.Bxd4 exd4
17.exf5 Bxf5 18.Rae1 Qd7 19.Re2 c6 20.Nb4 Ba5 21.Qd1 Bxb4 22.axb4 a3 23.bxa3 Rxa3
24.Rd2 Nf6 25.Nf3 c5 26.bxc5 dxc5 27.Ne5 Qc7 28.Re1 Nd7 29.f4 Nxe5 30.Rxe5 Bg6
31.Qe2 b6 32.Re7 Qb8 33.Qg4 Rf6 34.Bd5+ Kh8 35.Rde2 Ra7 36.Rxa7 Qxa7 37.Qc8+  1-0

[Event "Frauenbundesliga 1st Div 2010-11"]
[Site "Germany GER"]
[Date "2011.01.30"]
[Round "7.2"]
[White "Reizniece,D"]
[Black "Vovk,Ok"]
[Result "1-0"]
[WhiteElo "2278"]
[BlackElo "2204"]

1.c4 e5 2.g3 Nf6 3.Bg2 d5 4.cxd5 Nxd5 5.Nf3 Nc6 6.d3 Be7 7.O-O O-O 8.b3 Be6
9.Bb2 f6 10.Nbd2 Nb6 11.a3 a5 12.Qc2 Qd7 13.Rfe1 Rfd8 14.Rac1 Bf8 15.Nc4 Qf7
16.Qb1 Bd5 17.Qa1 e4 18.Nxb6 cxb6 19.dxe4 Bxb3 20.h4 b5 21.e5 fxe5 22.Ng5 Qe7
23.Qb1 g6 24.Bxe5 Bc4 25.Ba1 Nd4 26.Bxd4 Rxd4 27.a4 Qb4 28.Qc2 Rad8 29.axb5 Qxb5
30.Nf3 a4 31.Nxd4 Rxd4 32.e3 Bb3 33.Qb1 Rd2 34.Bf1 Qd5 35.e4 Qd4 36.Re2 Rxe2
37.Bxe2 Bc5 38.Rf1 Qd2 39.Bb5 Ba2 40.Qc1 Bxf2+ 41.Kg2 Qxc1 42.Rxc1 Be3 43.Rc8+ Kf7
44.Kf3 Bg1 45.Bxa4 Kf6 46.Rc7 b6 47.Rxh7 Bc4 48.g4 b5 49.Bc2 Bd4 50.e5+ Kxe5
51.Bxg6 b4 52.Bb1 b3 53.Re7+ Kf6 54.Re1 Bf7 55.g5+ Kg7 56.Kg4 b2 57.h5 Kh8
58.g6 Bg8 59.h6 Bf7 60.gxf7  1-0

[Event "16th HIT Open"]
[Site "Nova Gorica SLO"]
[Date "2011.02.02"]
[Round "8"]
[White "Suc,T"]
[Black "Koscak,Jan"]
[Result "1-0"]
[WhiteElo "2042"]
[BlackElo "1645"]

1.c4 e5 2.g3 Nf6 3.Bg2 d5 4.cxd5 Nxd5 5.Nf3 Nc6 6.O-O Be7 7.d4 e4 8.Ne1 f5
9.f3 e3 10.f4 Bf6 11.Nc3 Be6 12.Nf3 O-O 13.Ne5 Re8 14.a3 a5 15.Qd3 g6 16.Rd1 Kg7
17.Bxe3 Nce7 18.Bf2 c6 19.Rac1 h6 20.Re1 Rc8 21.h3 h5 22.Na4 Rb8 23.Nc5 Bc8
24.e4 fxe4 25.Nxe4 Bf5 26.Qd2 Ng8 27.g4 Bxe5 28.dxe5 hxg4 29.hxg4 Bxg4 30.Nd6 Rf8
31.Bxd5 cxd5 32.Qxd5 Rxf4 33.Bd4 Be6 34.Ne8+ Qxe8 35.Rc7+ Rf7 36.Qd6 Qd8
37.Rxf7+ Bxf7 38.e6+  1-0

[Event "16th HIT Open"]
[Site "Nova Gorica SLO"]
[Date "2011.02.02"]
[Round "8"]
[White "Desogus,Gianluigi"]
[Black "Skrinjar,M"]
[Result "0-1"]
[WhiteElo "1802"]
[BlackElo "2042"]

1.c4 e5 2.g3 Nf6 3.Bg2 d5 4.cxd5 Nxd5 5.Nf3 Nc6 6.O-O Be7 7.d4 e4 8.Ne5 f5
9.Nxc6 bxc6 10.f3 exf3 11.Bxf3 O-O 12.Nc3 Rb8 13.e4 fxe4 14.Nxe4 Nf6 15.Nc5 Nd5
16.Re1 Bf6 17.Bg2 Bf5 18.Ne4 Nb4 19.Nxf6+ Qxf6 20.Bf4 Nc2 21.Be5 Qf7 22.b3 Nxa1
23.Qxa1 Bd3 24.Qb2 Bc4 25.Bxc6 Bd5 26.Bxd5 Qxd5 27.Qg2 Qxg2+ 28.Kxg2 Rbc8
29.Rc1 c6 30.Rc5 Rfe8 31.Ra5 Re7 32.Rc5 Rd7 33.Kf3 Rd5 34.Rc4 Kf7 35.Ke4 g6
36.Ra4 Rd7 37.Rc4 Rd5 38.Ra4 Rd7 39.Rc4 Ke6 40.h4 Rf7 41.Ra4 h6 42.Ra6 Rd7
43.Ra4 g5 44.hxg5 hxg5 45.Rc4 Rd5 46.Ra4 a5 47.Rc4 Rb5 48.Rc2 Rb4 49.Rc5 a4
50.bxa4 Rxa4 51.Rc2 c5 52.Rh2 cxd4 53.Rh6+ Kf7 54.Rh7+ Kg6 55.Rd7 Rxa2 56.g4 Rf2
57.Rg7+ Kh6 58.Rd7 Re8 59.Kd5 Re2 60.Bg7+ Kg6 61.Bxd4 R2e4 62.Rd6+ Kh7 63.Rd7+ R8e7
64.Rd8 Rxg4 65.Rh8+ Kg6 66.Rg8+ Kf7 67.Rg7+ Kf8 68.Rh7 Rxh7  0-1

[Event "TCh-CAT Div Hon"]
[Site "Barcelona ESP"]
[Date "2011.02.05"]
[Round "2"]
[White "Narciso Dublan,M"]
[Black "Alvarez Pedraza,A"]
[Result "0-1"]
[WhiteElo "2551"]
[BlackElo "2515"]

1.c4 e5 2.g3 Nc6 3.Nc3 Bc5 4.Bg2 d6 5.e3 a6 6.Nge2 Ba7 7.d4 exd4 8.Nxd4 Nxd4
9.exd4 Ne7 10.O-O O-O 11.b4 Nc6 12.Bxc6 bxc6 13.c5 Rb8 14.a3 Qf6 15.Be3 Re8
16.Re1 h6 17.Rc1 a5 18.Qh5 axb4 19.axb4 Rxb4 20.Bd2 Rxe1+ 21.Rxe1 Be6 22.Ne4 Qxd4
23.Bxb4 Qxb4 24.Qe2 Bxc5 25.Nxc5 Qxc5 26.h4 Qf5 27.Ra1 c5 28.Ra7 c6 29.Ra8+ Kh7
30.Ra3 c4 31.Kh2 d5 32.Qe3 Qf6 33.Ra5 d4 34.Qe4+ g6 35.f4 Bd5 36.Qe8 d3 37.Ra2 Qe6  0-1

[Event "ch-TUR"]
[Site "Kemer-Antalya TUR"]
[Date "2011.02.07"]
[Round "4"]
[White "Narman,G"]
[Black "Zavalsiz,Adem"]
[Result "1-0"]
[WhiteElo "2079"]
[BlackElo "1667"]

1.c4 e5 2.g3 Nf6 3.Bg2 c6 4.Nc3 Be7 5.e4 O-O 6.Nf3 d6 7.O-O Bg4 8.h3 Be6
9.b3 c5 10.d3 h6 11.Nh4 Qd7 12.Kh2 Nc6 13.Nd5 Nh7 14.Nf5 Bxf5 15.exf5 Qxf5
16.Nxe7+ Nxe7 17.Bxb7 Rab8 18.Bg2 Qd7 19.f4 f6 20.Bd2 Nc6 21.Qf3 Nd4 22.Qd5+ Kh8
23.Rf2 Qe7 24.Bc3 Ne6 25.Re1 Nc7 26.Qf3 Qd8 27.Qh5 Qe8 28.Qd1 Ne6 29.a3 Qd7
30.b4 a6 31.Qg4 Qe8 32.Rb2 Nd4 33.Bxd4 cxd4 34.Qf3 Qa4 35.Ra1 Rb6 36.Qd1 Qd7
37.a4 Rfb8 38.b5 a5 39.Rf2 Qc7 40.Qd2 Qa7 41.Raf1 Rc8 42.Be4 Nf8 43.Qe2 Qf7
44.Bd5 Qc7 45.Qg4 Rbb8 46.fxe5 Nd7 47.exf6 Nxf6 48.Qxd4 Nxd5 49.Qxd5 Qc5
50.Qxc5 dxc5 51.Rf5 Rd8 52.R1f3 Rbc8 53.Kg2 Kg8 54.Kf2 Rd4 55.Ke2 Rd6 56.Re3 g6
57.Rfe5 Kf7 58.Re7+ Kf6 59.Ra7 Re6 60.Rxe6+ Kxe6 61.Rxa5 Ke5 62.Ra6 Kd4 63.Kd2 Rf8
64.Rd6+ Ke5 65.Rxg6 Ra8 66.Ra6 Rg8 67.g4 h5 68.gxh5 Kd4 69.Rd6+ Ke5 70.Rd5+ Kf6
71.a5 Rg2+ 72.Kc3 Ra2 73.a6 Ra3+ 74.Kb2 Ra4 75.Rxc5  1-0

[Event "ch-TUR"]
[Site "Kemer-Antalya TUR"]
[Date "2011.02.09"]
[Round "6"]
[White "Sari,S"]
[Black "Yaver,Faik Emre"]
[Result "1-0"]
[WhiteElo "2002"]
[BlackElo "1627"]

1.c4 e5 2.g3 Nc6 3.Bg2 f5 4.Nc3 Nf6 5.d3 Be7 6.Nf3 d6 7.a3 O-O 8.O-O Qe8
9.Nd5 Nxd5 10.cxd5 Nd8 11.Bd2 c6 12.dxc6 bxc6 13.Rc1 Rb8 14.b4 Bb7 15.Ne1 d5
16.f4 Bf6 17.fxe5 Bxe5 18.Nf3 Bf6 19.Bf4 Rc8 20.Re1 Ne6 21.Bd6 Be7 22.Bxe7 Qxe7
23.e3 Qd6 24.d4 Ra8 25.Qb3 a6 26.Ne5 Kh8 27.Rc3 Rac8 28.Rec1 Nd8 29.Bxd5 cxd5
30.Rxc8 Bxc8 31.Rxc8 Kg8 32.Rc5 Qh6 33.Qxd5+ Nf7 34.Rc3 Qh5 35.Qf3 Qg5 36.Nxf7 Kxf7
37.Rc6 Re8 38.Kf2 g6 39.h4 Qe7 40.Qd5+ Kg7 41.Qe5+ Qxe5 42.dxe5 Rxe5 43.Rxa6 Re7
44.b5 Kf7 45.b6 Re8 46.a4 Rb8 47.a5 Ke8 48.Ra7  1-0

[Event "TCh-FIN 2010-11"]
[Site "Espoo FIN"]
[Date "2011.02.12"]
[Round "6.6"]
[White "Raisanen,K"]
[Black "Paasikangas,J"]
[Result "0-1"]
[WhiteElo "2112"]
[BlackElo "2256"]

1.c4 e5 2.g3 d6 3.Bg2 f5 4.Nc3 Nf6 5.Rb1 a5 6.a3 Be7 7.b4 axb4 8.axb4 O-O
9.d3 Qe8 10.Nf3 Qh5 11.O-O c6 12.b5 Be6 13.bxc6 bxc6 14.c5 f4 15.cxd6 Bxd6
16.Bb2 fxg3 17.fxg3 Ng4 18.Qd2 Bc5+ 19.d4 Bxd4+  0-1